Karmelin / (Record no. 162520)

MARC details
000 -LEADER
fixed length control field 00439nam a22001817a 4500
005 - DATE AND TIME OF LATEST TRANSACTION
control field 20190315123516.0
010 ## - LCCN (DPL NO)
LC control number EN-60470
020 ## - INTERNATIONAL STANDARD BOOK NUMBER
International Standard Book Number 8126019182
Terms of availability 125.00
035 ## - SYSTEM CONTROL NUMBER
System control number EN-60470
037 ## - SOURCE OF ACQUISITION
Source of stock number/acquisition Sahitya Akademi
082 ## - DEWEY DECIMAL CLASSIFICATION NUMBER
Classification number N
100 ## - MAIN ENTRY--PERSONAL NAME
Personal name Maurzo, Damodar
245 ## - TITLE STATEMENT
Title Karmelin /
Statement of responsibility, etc Damodar Mauzo
260 ## - PUBLICATION, DISTRIBUTION, ETC. (IMPRINT)
Place of publication, distribution, etc New Delhi
Name of publisher, distributor, etc Sahitya Akademi
Date of publication, distribution, etc 2004
300 ## - PHYSICAL DESCRIPTION
Extent 281p.
Dimensions 22cm(pbk)
700 ## - ADDED ENTRY--PERSONAL NAME
Personal name Pai, Vidya
942 ## - ADDED ENTRY ELEMENTS (KOHA)
Source of classification or shelving scheme Dewey Decimal Classification
Item type Reference Books
Classification part N
Call number suffix MAU
Holdings
Withdrawn status Lost status Not for loan Collection code Home library Current library Date acquired Full call number Barcode Koha item type
      Fiction D.B.Act.Division D.B.Act.Division 15/03/2019 N MAU EN-60470 Reference Books

© Delhi Public Library
Hit Counter
free hit counter